| 000 | 00637nam a22002297i 4500 | ||
|---|---|---|---|
| 001 | 332 | ||
| 003 | OSt | ||
| 005 | 20170126082242.0 | ||
| 007 | tu | ||
| 008 | 161220s1988 xxu||||| |||| 00| 0 d | ||
| 024 | 7 |
_a331 _2RID |
|
| 040 | _cOSt | ||
| 084 |
_a3.272 _2z |
||
| 100 | 1 | _aJach, Zdislaw | |
| 242 | 0 | 0 | _aSynthetische Analyse der Innovationstäatigkeit in der INdust |
| 245 | 0 | 0 | _aSynteticczna analiza uwarunkowan dzialalnosci innowacyjnej w przemysle w latach 1982-1985 |
| 260 |
_aLodz : _bWyd.Uniwersytete Lodzkiego, _c1988. |
||
| 300 |
_a49 S. ; _c21cm. |
||
| 651 | _aPoland | ||
| 700 | 1 | _aStawacz, Edward | |
| 700 | 1 | _aSzczepanik, Jerzy | |
| 942 | _cB | ||
| 999 |
_c328 _d328 |
||